000 00558nam a22001577a 4500
005 20120404124033.0
020 _a8172145802
_c00.00
035 _aB-28201
037 _aDPL
_bENG
100 _aWilfred, Felix
_944766
245 _aAsian dreams and Christian hope :
_bAt the dawn of the millennium /
_cby Felix Wilfred
260 _aDelhi
_bISPCK
_c2000
300 _axxvi, 312p.
_c20 cms.
942 _2ddc
_cEN
_h280
_mWIL
999 _c64697
_d64697